000 00532nam a2200169 i 4500
001 20326
003 ES-MaACL
005 20230906152258.0
007 t|
008 021111s1973 sp |||| | spa d
100 1 _aAguilar Canosa, Santiago.
_918715
245 1 4 _aLas adquisiciones por extranjeros de bienes inmuebles en España /
_cSantiago Aguilar Canosa.
260 _a[Barcelona] :
_bBanca Más Sardá,
_c[1973]
300 _a97 p. ;
_c24 cm.
650 4 _aPropiedad extranjera-
_zEspaña.
_9165114
852 _aES-MaACL
_jC-56470
999 _c20326
_d20326